00843 2200181 4500001002100000005001500021035002000036245003400056100001700090250001700107300002900124260003100153082001100184084001700195020002200212650001000234520041700244INLIS00000000000014420240509081410 a0010-05240000661 aFabel Alfabet /cLiza Erfiana0 aLiza Erfiana acetakan ke-1 a136 hlm :bilus ;c24 cm aSolo :bTiga Ananda,c2017 a398.24 a398.24 LIZ f a978-602-366-327-9 4aFabel aDapatkah kalian menyebutkan nama-nama hewan dari huruf A hingga Z? Tentu menarik jika setiap hewan tersebut memiliki ceria masing-masing. Buku ini berisi cerita tentang berbagai hewan yang diawali huruf A hingga Z. Semua ceritanya seru dan mengandung pesan moral yang baik untuk kita teladani. Tidak hanya itu, buku ini dilengkapi dengan bonus poster yang dapat kalian mainkan. Makin menambah keseruannya, bukan?